| 000 | 00573cam a22002171 4500 | ||
|---|---|---|---|
| 001 | ne 66000524 | ||
| 003 | DLC | ||
| 005 | 20260227111821.0 | ||
| 008 | 890401s1965 xx b 000 0 ara | ||
| 010 | _ane 66000524 | ||
| 035 | _a(OCoLC)23512951 | ||
| 040 |
_aDLC _cMiU _dDLC |
||
| 043 | _aa-iq--- | ||
| 050 | 0 | 0 |
_aDS70.6 _b.K45 1965 |
| 100 | 1 | _aKhalaf, Jāsim Muḥammad. | |
| 245 | 1 | 0 | _aJughrāfīyat al-ʻIrāq al-ṭabīʻīyah. |
| 260 | _c[1965] | ||
| 300 |
_a478 p. _bmaps (6 fold.) _c24 cm. |
||
| 500 | _aRomanized. | ||
| 651 | 0 |
_aIraq _xDescription and travel. |
|
| 999 |
_c48731 _d48731 |
||